La integración del trabajador en la empresa (Registro nro. 2598)

Detalles MARC
000 -LEADER
fixed length control field 01475 a2200205 4500
001 - CONTROL NUMBER
control field 35968
005 - DATE AND TIME OF LATEST TRANSACTION
control field 20260407155637.0
008 - FIXED-LENGTH DATA ELEMENTS--GENERAL INFORMATION
fixed length control field 260407a1964 arg spa d
003 - CONTROL NUMBER IDENTIFIER
control field AR-UNSa-BCEJYS
040 ## - CATALOGING SOURCE
Original cataloging agency AR-UNSa-BCEJYS
Language of cataloging spa
Transcribing agency AR-UNSa-BCEJYS
080 ## - UNIVERSAL DECIMAL CLASSIFICATION NUMBER
Universal Decimal Classification number 658.310.8
Common auxiliary subdivision Gestión y administración de personal
100 1# - MAIN ENTRY--PERSONAL NAME
Personal name Payet, Maurice
245 10 - TITLE STATEMENT
Title La integración del trabajador en la empresa
264 #1 - PRODUCTION, PUBLICATION, DISTRIBUTION, MANUFACTURE, AND COPYRIGHT NOTICE
Place of production, publication, distribution, manufacture Barcelona :
Name of producer, publisher, distributor, manufacturer Ariel
Date of production, publication, distribution, manufacture, or copyright notice 1964
300 ## - PHYSICAL DESCRIPTION
Extent 319 p.
Dimensions 24 cm.
505 ## - FORMATTED CONTENTS NOTE
Formatted contents note I.Premisas y condiciones de la integración del trabajador en la empresa : 1. La empresa - 2. El trabajador - 3. La adpatación de la empresa al trabajador y del trabajador a la empresa - II. Formas y límites de la integración del trabajador en la empresa: 1. Formas de integración individual del trabajador debidas únicamente a la inciativa del empresario - 2. Formas de integración que implican participación colectiva de los trabajadores en la gestión de la empresa - 3. Formas de integración que suponen una participación colectiva de los trabajadores en la productividad y en los resultados de la empresa - 4. Formas de integración que implican una participación de los trabajadores en el capital de la empresa, en sus atributos: el poder y el beneficio - 5. Formas de integración de los trabajadores en la empresas de estructura no capitalista - Conclusión - Apéndice -
590 ## - LOCAL NOTE (RLIN)
Local note niveau_biblio:m niveau_hierar:0
700 1# - ADDED ENTRY--PERSONAL NAME
Personal name Pelauzy, Maria Antonia
942 ## - ADDED ENTRY ELEMENTS (KOHA)
Koha item type
Existencias
Withdrawn status Lost status Damaged status Not for loan Home library Current library Shelving location Date acquired Total checkouts Full call number Barcode Date last seen Price effective from Koha item type
        Biblioteca Prof. Eusebio Cleto del Rey Biblioteca Prof. Eusebio Cleto del Rey   07/04/2026   658.310.8 P343 L25881 07/04/2026 07/04/2026 Libro
        Biblioteca Prof. Eusebio Cleto del Rey Biblioteca Prof. Eusebio Cleto del Rey   07/04/2026   658.310.8 P343 L25880 07/04/2026 07/04/2026 Libro